Nom des lieux politiques français - Statistiques

Statistiques générales
  • Ce quiz a été pris 198 fois
  • Le résultat moyen est 6 sur 10
Statistiques - réponses
Ministère Nom associé % Correct
Présidence de la République Palais de l'Elysée
94%
Siège du Pemier Ministre (bâtiment) Hôtel de Matignon
92%
Ministère des affaires étrangère (quai) quai d'Orsay
71%
Ministère de l'économie et des finances (quartier) Bercy
68%
Assemblée Nationale (bâtiment) Palais Bourbon
65%
Sénat (bâtiment) Palais du Luxembourg
65%
Ministère de l'intérieur (place) place Beauvau
58%
Ministère de la justice Justice (place) place Vendôme
36%
Ministère du travail (rue) rue de Grenelle
21%
Conseil d'Etat (bâtiment) Palais Royal
16%
Aucun quiz correspondant
Distribution des résultats
% des personnes avec chaque résultat
Percentile par nombre de réponses
Votre historique - résultats
Vous n’avez pas pris ce quiz